01215nam a2200301Ia 4500001001200000003000800012006001900020007001500039008004100054010001700095020002800112040002100140035002100161050002400182082001700206100002500223245014300248260005200391300001500443533015200458650003300610650005300643650002500696655002900721700002000750710001700770856012600787ebr10158455CaPaEBRm u cr cn|||||||||050421s2005 nyu s 000 0 eng d z 2005010907 z1932716130 (alk. paper) aCaPaEBRcCaPaEBR a(OCoLC)14461870414aLC1037b.P37 2005eb04a370.11/32221 aPerry, Nancy,d1934-10aFocus on the futureh[electronic resource] :ba career development curriculum for secondary school students /cNancy Perry, Zark VanZandt. aNew York, NY :bOpen Society Institute,cc2005. avi, 189 p. aElectronic reproduction.bPalo Alto, Calif. :cebrary,d2009.nAvailable via World Wide Web.nAccess may be limited to ebrary affiliated libraries. 0aCareer educationxCurricula. 0aCareer educationxStudy and teaching (Secondary) 0aVocational guidance. 7aElectronic books.2local1 aVanZandt, Zark.2 aebrary, Inc.40uhttp://site.ebrary.com/lib/rucke/Doc?id=10158455zAn electronic book accessible through the World Wide Web; click to view